006120000a22001810004500003001100000005001700011008004100028020001500069040003900084041000800123082001700131100002200148245005300170260009200223300005600315650003700371650002200408LK-CoMWRAF20231030095820.0230817t1988 ||||| |||| 00| 0 eng d a0858893193 aLK-CoMWRAFdLK-CoMWRAFeLK-CoMWRAF aeng a363.325bRAT aRatnatunga, Sinha aPolitics of Terrorism:bThe Sri Lanka Experience aBelconnen:bInternational Fellowship for Social and Economic Development (IFSED),c1988 axx, 417 p., [12] p. of plates : ill., maps ; 22 cm. aPOLITICS AND GOVRNMENT-Sri Lanka aHistory-Sri Lanka